| 000 | 00546nam a22001695i 4500 | ||
|---|---|---|---|
| 001 | 47948 | ||
| 003 | ES-MaACL | ||
| 007 | t| | ||
| 008 | 950206s1859 fr ||||1| spa d | ||
| 040 |
_aCAM _bspa _cCCPB | PA2 |
||
| 100 | 1 |
_aCourcelle-Seneuil, Jean Gustave. _941268 |
|
| 245 | 1 | 0 |
_aTratado teórico i [sic] practico de Economía Política / _cpor J.G. Courcelle Seneuil ; traducido por J. Bello. |
| 260 |
_aParis, etc. : _bGuillaumin, etc., _c1859. |
||
| 300 |
_a2 v. ; _c22 cm. |
||
| 700 | 1 |
_aBello, J. _927235 |
|
| 852 |
_aES-MaACL _jG-12967-8 |
||
| 999 |
_c47948 _d47948 |
||